[Event "St Chely d'Aubrac op 10th"]
[Site "St Chely d'Aubrac"]
[Date "2010.07.16"]
[Round "8"]
[White "Franceschini, Francois Marie"]
[Black "Grange, Laurent"]
[Result "1-0"]
[WhiteElo "1670"]
[BlackElo "1513"]
[PlyCount "67"]
[EventDate "2010.07.10"]
[EventType "swiss"]
[EventRounds "9"]
[EventCountry "FRA"]
[SourceTitle "CBM 137 Extra"]
[Source "ChessBase"]
[SourceDate "2010.09.01"]
[SourceVersion "1"]
[SourceVersionDate "2010.09.01"]
[SourceQuality "1"]

1. e4 c6 2. Nf3 d5 3. exd5 cxd5 4. d4 Nf6 5. Nc3 e6 6. Bb5+ Bd7 7. Bxd7+ Nbxd7 8. 0-0 a6 9. Bg5 Qc7 10. Qd3 Bd6 11. Rac1 0-0 12. Ne2 b5 13. Ng3 Bxg3 14. fxg3 Ne4 15. Bf4 Qc4 16. Qxc4 bxc4 17. b3 c3 18. Ng5 Nxg5 19. Bxg5 h6 20. Be7 Rfc8 21. Rf3 Rc6 22. Rcf1 f6 23. Bb4 Rac8 24. Rd3 e5 25. dxe5 d4 26. exf6 Nxf6 27. Rxd4 Re6 28. Rfd1 Kh7 29. Rd6 Re2 30. Rc1 Ne4 31. Rdd1 Re8 32. Re1 Nxg3 33. Bxc3 Rxc2 34. Rxc2 1-0

[Event "Porticcio op 12th"]
[Site "Porticcio"]
[Date "2010.04.06"]
[Round "9"]
[White "Bellicou, Dominique"]
[Black "Franceschini, Francois Marie"]
[Result "1-0"]
[WhiteElo "1779"]
[BlackElo "1655"]
[PlyCount "99"]
[EventDate "2010.04.01"]
[EventType "swiss"]
[EventRounds "9"]
[EventCountry "FRA"]
[SourceTitle "EXT 2012"]
[Source "ChessBase"]
[SourceDate "2011.11.24"]
[SourceVersion "1"]
[SourceVersionDate "2011.11.24"]
[SourceQuality "1"]

1. e4 c5 2. Nf3 d6 3. d4 cxd4 4. c3 Nf6 5. e5 dxe5 6. Nxe5 Nc6 7. Nxc6 bxc6 8. Qxd4 Qxd4 9. cxd4 e6 10. Bd3 Bb4+ 11. Nc3 Nd5 12. Bd2 0-0 13. a3 Bxc3 14. bxc3 Rb8 15. c4 Nf6 16. Bc3 Rd8 17. Ke2 Bb7 18. f3 Rbc8 19. Rab1 Rd7 20. Rb2 Ne8 21. Rhb1 Nd6 22. Bb4 Ba8 23. Bc5 Nf5 24. Rb8 Rdd8 25. Rxc8 Rxc8 26. g4 Nh6 27. Bxa7 f5 28. g5 Nf7 29. f4 Nd6 30. Rb8 Rxb8 31. Bxb8 Nc8 32. a4 Kf7 33. a5 Ke7 34. c5 Kd7 35. Be5 g6 36. Ba6 Ne7 37. Kd3 Nd5 38. Kc4 Ne3+ 39. Kd3 Nd5 40. Bc4 Bb7 41. Bd6 Ba8 42. a6 Ne7 43. Kc3 Nc8 44. Bb8 Ne7 45. Kb3 Nd5 46. Ka4 Kc8 47. Bd6 Kd7 48. Ka5 Ne3 49. Bb3 Kc8 50. Kb6 1-0

[Event "Porticcio op 12th"]
[Site "Porticcio"]
[Date "2010.04.05"]
[Round "8"]
[White "Franceschini, Francois Marie"]
[Black "Rossi, Pascal"]
[Result "1-0"]
[WhiteElo "1655"]
[BlackElo "1806"]
[PlyCount "71"]
[EventDate "2010.04.01"]
[EventType "swiss"]
[EventRounds "9"]
[EventCountry "FRA"]
[SourceTitle "EXT 2012"]
[Source "ChessBase"]
[SourceDate "2011.11.24"]
[SourceVersion "1"]
[SourceVersionDate "2011.11.24"]
[SourceQuality "1"]

1. e4 c5 2. Nf3 d6 3. c3 Nf6 4. h3 g6 5. Bd3 Nc6 6. Bc2 Bg7 7. 0-0 0-0 8. d4 cxd4 9. cxd4 Nb4 10. Bb3 Nxe4 11. Qe1 Nxf2 12. Qxf2 Nd3 13. Qd2 Nxc1 14. Rxc1 Bf5 15. Nc3 e5 16. dxe5 dxe5 17. Qxd8 Raxd8 18. Re1 e4 19. Ng5 e3 20. Nd5 h6 21. Ne7+ Kh8 22. Nxf7+ Kh7 23. Nxd8 Rxd8 24. Nxf5 gxf5 25. Rad1 Re8 26. Rd7 h5 27. Bc2 Kg6 28. Bxf5+ Kh6 29. Rd6+ Kg5 30. Rg6+ Kxf5 31. Rxg7 Ke4 32. Rc7 Kd3 33. Rd7+ Ke4 34. Rdd1 Rf8 35. Re2 Re8 36. Rxe3+ 1-0

[Event "Nice op"]
[Site "Nice"]
[Date "2009.08.??"]
[Round "3"]
[White "Franceschini, Francois Marie"]
[Black "Lefevre, Margaux"]
[Result "1-0"]
[WhiteElo "1610"]
[BlackElo "2003"]
[PlyCount "53"]
[EventDate "2009.08.??"]
[EventType "swiss"]
[EventRounds "9"]
[EventCountry "FRA"]
[SourceTitle "EXT 2010"]
[Source "ChessBase"]
[SourceDate "2010.11.25"]
[SourceVersion "1"]
[SourceVersionDate "2010.11.25"]
[SourceQuality "1"]

1. e4 c5 2. Nf3 Nc6 3. Bb5 Qb6 4. Bxc6 Qxc6 5. Nc3 e6 6. 0-0 a6 7. a4 b6 8. d4 cxd4 9. Qxd4 f6 10. e5 Bb7 11. Re1 fxe5 12. Qxe5 Nf6 13. Bf4 Rc8 14. Rad1 Be7 15. Bg5 0-0 16. Bxf6 Bxf6 17. Qe4 Bxc3 18. Qxc6 Bxc6 19. bxc3 Bxa4 20. Rd4 Bxc2 21. Rxd7 Rxc3 22. Rd6 Rb8 23. Rdxe6 Bf5 24. Re7 b5 25. Ng5 h6 26. Re8+ Rxe8 27. Rxe8# 1-0